000 00351nam a2200145Ia 4500
008 150201s2011 xx 000 0 und d
082 _a610.73
_bF11C
100 _aCHAWLA , SATISH
245 _aFUNDAMENTAL OF NURSING : APROCEDURE MANUAL
250 _a1ST
260 _bTNAI
_aDELHI
_c2011
300 _a697
650 _aNURSING
942 _2ddc
_cBK
_06
999 _c2016
_d2016